|
|
|
|
| LEADER |
01759nam a2200421 i 4500 |
| 001 |
EBC4053870 |
| 003 |
MiAaPQ |
| 005 |
20200520144314.0 |
| 006 |
m o d | |
| 007 |
cr cnu|||||||| |
| 008 |
160216t20162016ne o 000 0 eng d |
| 020 |
|
|
|z 9780128046272
|
| 020 |
|
|
|a 9780128046494
|q (electronic bk.)
|
| 035 |
|
|
|a (MiAaPQ)EBC4053870
|
| 035 |
|
|
|a (Au-PeEL)EBL4053870
|
| 035 |
|
|
|a (CaPaEBR)ebr11153286
|
| 035 |
|
|
|a (CaONFJC)MIL829964
|
| 035 |
|
|
|a (OCoLC)938506242
|
| 040 |
|
|
|a MiAaPQ
|b eng
|e rda
|e pn
|c MiAaPQ
|d MiAaPQ
|
| 050 |
|
4 |
|a HG3755.7
|b .W555 2016
|
| 082 |
0 |
|
|a 332.1788028558
|2 23
|
| 100 |
1 |
|
|a Williams, Branden R.,
|e author.
|
| 245 |
1 |
0 |
|a PCI DSS 3.1 :
|b the standard that killed SSL /
|c Branden R. Williams ; James K. Adamson, technical editor.
|
| 264 |
|
1 |
|a Amsterdam, [Netherlands] :
|b Syngress,
|c 2016.
|
| 264 |
|
4 |
|c 2016
|
| 300 |
|
|
|a 1 online resource (46 pages)
|
| 336 |
|
|
|a text
|2 rdacontent
|
| 337 |
|
|
|a computer
|2 rdamedia
|
| 338 |
|
|
|a online resource
|2 rdacarrier
|
| 588 |
|
|
|a Description based on online resource; title from PDF title page (ebrary, viewed February 16, 2016).
|
| 590 |
|
|
|a Electronic reproduction. Ann Arbor, MI : ProQuest, 2016. Available via World Wide Web. Access may be limited to ProQuest affiliated libraries.
|
| 650 |
|
0 |
|a Credit cards
|x Security measures.
|
| 650 |
|
0 |
|a Credit cards
|x Security measures
|x Standards.
|
| 650 |
|
0 |
|a Data protection.
|
| 655 |
|
4 |
|a Electronic books.
|
| 776 |
0 |
8 |
|i Print version:
|a Williams, Branden R.
|t PCI DSS 3.1 : the standard that killed SSL.
|d Amsterdam, [Netherlands] : Syngress, c2016
|h viii, 34 pages
|z 9780128046272
|
| 797 |
2 |
|
|a ProQuest (Firm)
|
| 856 |
4 |
0 |
|u https://ebookcentral.proquest.com/lib/matrademy/detail.action?docID=4053870
|z Click to View
|